004100000a22001090004500090001700000245017500017041001400192100002500206942001300231773003900244999001700283 aASbSeriadas10aPrimer registro del porrón collarejo Aythya collaris () y de la anidación del ibis morito Plegadis falcinellus () en el Caribe colombiano0 aEspañol1 aStiles, F. Gary9877 cARTICULO1 tCaldasia345h2q559-561d2001g23 c14921d14921